| 000 | 01143cam a22002891 4500 | ||
|---|---|---|---|
| 001 | 12557 | ||
| 003 | BD-RjUL | ||
| 005 | 20211208235321.0 | ||
| 008 | 140129s1965 ne ac b 001 0 eng | ||
| 035 | _a(BD-RjUL)12606 | ||
| 040 |
_aDLC/ICU _cICU _dDLC _dBD-RjUL _beng |
||
| 041 | 0 | _aengfre | |
| 082 | 0 | 0 |
_a591.1 _bREG 1965 |
| 245 | 1 | 0 |
_aRegeneration in animals and related problems : _ban international symposium / _cedited by V. Kiortsis and H. A. L. Trampusch in collaboration with H. Herlant-Meewis and others... |
| 260 |
_aAmsterdam : _bNorth-Holland Pub. Co., _c1965. |
||
| 300 |
_axxiv, 568 p. : _billus., port. ; _c23 cm. |
||
| 500 | _a"Sponsored by NATO's Division of Scientific Affairs and held at Athens, Greece, in April 1964." | ||
| 500 | _aEnglish or French. | ||
| 504 | _aIncludes bibliographical references and index. | ||
| 650 | 0 |
_aRegeneration (Biology) _935908 |
|
| 700 | 1 |
_aKiortsis, V. _qVassili _939110 |
|
| 700 | 1 |
_aTrampusch, H. A. L. _ejoint ed. _939111 |
|
| 710 | 2 |
_aNorth Atlantic Treaty Organization. _bScientific Affairs Division. _928746 |
|
| 942 |
_2ddc _cBK |
||
| 999 |
_c12557 _d12557 |
||